000 00391cam a2200157ua 4500
041 _aeng
_h
082 _a828.09
_bBAS/JU
100 _aBasil Wors Fold, W .
245 _aJudgment In Literature /
_cW Basil Wors Fold.
_hTextual Documents
250 _a1 /
_b.
260 _aBhopal :
_bLyall Book Depot ,
_c1967.
300 _a117 ; .
504 _a
942 _cBK
999 _c2796
_d2796